Bandeiras da Europa - Statistics

Estatísticas Gerais
  • Esse quiz foi jogado 699 vezes
  • A pontuação média é 43 de 66
Estatísticas das Respostas
Imagem Resposta % Correto
França
99%
Portugal
97%
Dinamarca
94%
Finlândia
93%
Croácia
92%
Grécia
92%
Ilha de Man (Reino Unido)
92%
Malta
88%
Bélgica
87%
Romênia
87%
Ucrânia
87%
Suíça
86%
Hungria
85%
Turquia
85%
Eslováquia
84%
Espanha
84%
Irlanda
83%
Macedônia do Norte
82%
Alemanha
81%
Polônia
80%
Albânia
78%
Chipre
78%
Sérvia
78%
Suécia
78%
Itália
77%
Noruega
77%
Kosovo
76%
Reino Unido
75%
Rússia
75%
Bulgária
74%
Estônia
74%
Eslovênia
73%
Holanda (ou Países Baixos)
73%
San Marino
71%
Islândia
70%
Áustria
69%
Bósnia e Herzegovina
69%
Letônia
69%
Mônaco
69%
Rep. Tcheca
68%
Andorra
67%
Cidade do Vaticano
67%
Luxemburgo
67%
Lituânia
66%
País de Gales (Reino Unido)
65%
Montenegro
64%
Belarus (Bielorússia)
61%
Moldávia
60%
Geórgia
58%
Inglaterra (Reino Unido)
58%
Liechtenstein
55%
Escócia (Reino Unido)
54%
Cazaquistão
52%
Armênia
49%
Azerbaijão
44%
Gibraltar (Reino Unido)
31%
Irlanda do Norte (Reino Unido)
31%
Chipre do Norte
21%
Jersey (Reino Unido)
14%
Ilhas Aland (Finlândia)
13%
Ilhas Feroe (Dinamarca)
12%
Abecásia
7%
Transnístria
7%
Artsaque
6%
Ossétia do Sul
6%
Guernesey (Reino Unido)
4%
Nenhum quiz correspondente encontrado
Distribuição das Pontuações
Porcentagem de Pessoas com Cada Pontuação
Percentil de Números Respondidos
Sua Pontuação Histórica
Você não jogou esse quiz